[Event "Titled Tuesday intern op 26th Dec Early"]
[Site "Chess.com INT"]
[Date "2023.12.26"]
[Round "4"]
[White "Gascon del Nogal, Jose Rafael"]
[Black "Astafurov, Arseniy"]
[Result "1-0"]
[WhiteElo "2475"]
[BlackElo "2263"]
[PlyCount "83"]
[EventDate "2023.12.26"]
[EventType "swiss (blitz)"]
[EventRounds "11"]
[EventCountry "USA"]
[SourceTitle "EXT 2025"]
[Source "ChessBase"]
[SourceDate "2024.10.14"]
[SourceVersion "1"]
[SourceVersionDate "2024.10.14"]
[SourceQuality "1"]

1. e4 e6 2. d3 d5 3. Qe2 Nc6 4. Nf3 Nf6 5. e5 Nd7 6. d4 Be7 7. Qd1 0-0 8. c3 f6 9. exf6 Nxf6 10. Bd3 Bd6 11. 0-0 e5 12. dxe5 Nxe5 13. Nxe5 Bxe5 14. Bg5 c6 15. Nd2 Qb6 16. Qb3 Qc7 17. f4 Bd6 18. g3 Bh3 19. Rfe1 Bc5+ 20. Kh1 Ng4 21. Ne4 Bb6 22. c4 dxe4 23. c5+ Kh8 24. cxb6 axb6 25. Bxe4 Rae8 26. Kg1 b5 27. f5 h6 28. Bf4 Qb6+ 29. Be3 Qa5 30. Bf3 Ne5 31. Bg2 Bxg2 32. Kxg2 b4 33. Bd4 Ng4 34. Qc4 Qxf5 35. Rf1 Qd7 36. Rae1 Rxf1 37. Rxf1 Kh7 38. Rf7 Qd5+ 39. Qxd5 cxd5 40. Rxg7+ Kh8 41. Rxg4+ Kh7 42. Rg7+ 1-0

[Event "Titled Tuesday intern op 26th Dec Early"]
[Site "Chess.com INT"]
[Date "2023.12.26"]
[Round "2"]
[White "Gascon del Nogal, Jose Rafael"]
[Black "Le, Tuan Minh"]
[Result "0-1"]
[WhiteElo "2475"]
[BlackElo "2567"]
[PlyCount "70"]
[EventDate "2023.12.26"]
[EventType "swiss (blitz)"]
[EventRounds "11"]
[EventCountry "USA"]
[SourceTitle "EXT 2025"]
[Source "ChessBase"]
[SourceDate "2024.10.14"]
[SourceVersion "1"]
[SourceVersionDate "2024.10.14"]
[SourceQuality "1"]

1. Nf3 d5 2. g3 Nd7 3. d4 Nb6 4. Nc3 Nf6 5. Bg2 h6 6. 0-0 Bf5 7. Nd2 c6 8. e4 dxe4 9. Ndxe4 e6 10. Nxf6+ Qxf6 11. Ne4 Qd8 12. b3 Be7 13. Bb2 0-0 14. c4 Qc7 15. Qe2 Rad8 16. Rad1 a5 17. Bc3 a4 18. Ba5 Ra8 19. b4 Rxa5 20. bxa5 Nd7 21. a6 bxa6 22. Nc3 Qa5 23. Bxc6 Nb8 24. Be4 Bh3 25. Qc2 Bxf1 26. Kxf1 a3 27. c5 Bf6 28. Qb3 Rd8 29. Ne2 Nd7 30. Rd3 Rb8 31. Qxa3 Rb1+ 32. Kg2 Qe1 33. Kf3 Bg5 34. Nc3 Nf6 35. Rd1 Rxd1 0-1